000
00291nam a22001337a 4500
003
OSt
008
240127b |||||||| |||| 00| 0 eng d
020
_a
9781473667526
100
_a
DOBELLI,Rolf
245
_a
The Art of the Good Life
250
_a
1st Ed
300
_a
259
942
_2
ddc
_c
BK
999
_c
12202
_d
12202